000 00811nam0a22002531 4500
001 rc\377350
005 20250621060049.0
010 _a5-203-00194-4
_910000
035 _a(NLR Aleph) 005609145
090 _a6394537
_c6394537
100 _a20030307d1989 |||y0rusy50 ca
101 0 _arus
102 _aRU
105 _aa |||||||||
200 1 _aГрубая сила
_eВоен. машина апартеида
_fПер. с англ. Е.М. Соминского, Н.Г. Щербакова
210 _aМ.
_cВоениздат
_d1989
215 _a303, [1] с.
_cил.
_d21
300 _aПеревод изд.: Brutal force / Cavin Cawthra (1986)
700 1 _aКотра
_bГ.
_gГейвин
801 0 _aRU
_bNLR
_gpsbo
801 1 _aRU
_bELAR
_2rusmarc
852 _aNLR
_j89-3/7844
942 _cBOOK
980 _aNB